[Event "Rostock SSC op 13th"]
[Site "Rostock"]
[Date "2017.02.23"]
[Round "2"]
[White "Troemer, Axel"]
[Black "Sack, Reinhard"]
[Result "1-0"]
[WhiteElo "1192"]
[BlackElo "1707"]
[PlyCount "123"]
[EventDate "2014.07.23"]
[EventType "swiss"]
[EventRounds "7"]
[EventCountry "GER"]
[SourceTitle "EXT 2018"]
[Source "ChessBase"]
[SourceDate "2017.10.13"]
[SourceVersion "1"]
[SourceVersionDate "2017.10.13"]
[SourceQuality "1"]

1. e4 b6 2. d4 Bb7 3. Nc3 e6 4. a3 c5 5. Nf3 cxd4 6. Nxd4 Bc5 7. Nf3 Nf6 8. Bd3 Ng4 9. 0-0 0-0 10. Qd2 h6 11. Qf4 f5 12. exf5 exf5 13. Bxf5 Nf6 14. Qg3 Nh5 15. Qg4 Qf6 16. Nh4 Be7 17. g3 g5 18. Ne4 Qf7 19. Bg6 Qg7 20. Nxg5 Nf6 21. Ne6 dxe6 22. Qxe6+ Kh8 23. Bf5 Bd5 24. Ng6+ Qxg6 25. Qxe7 Qg7 26. Qb4 Nc6 27. Qh4 Ng8 28. Bd2 Rxf5 29. Bc3 Ne5 30. f4 Re8 31. fxe5 Rfxe5 32. Rae1 Qg5 33. Rxe5 Rxe5 34. Qxg5 hxg5 35. Bxe5+ Kh7 36. Bd4 Kg6 37. g4 Be4 38. c3 Bc2 39. Rf8 Bb3 40. Ra8 Be6 41. b4 Ne7 42. Rxa7 Nd5 43. Rg7+ Kh6 44. Rb7 Bxg4 45. Bxb6 Nxc3 46. Rc7 Ne2+ 47. Kg2 Nf4+ 48. Kg3 Bf5 49. a4 Nd5 50. Rc6+ Kg7 51. Bd4+ Kf7 52. b5 Bd3 53. Kg4 Nb4 54. Rc7+ Ke6 55. Bf2 Nd5 56. b6 Nxc7 57. bxc7 Kd7 58. Bg3 Ba6 59. Kxg5 Ke6 60. Kg6 Kd7 61. h4 Bc4 62. Kg7 1-0

[Event "Mecklenburg VP-ch Youth"]
[Site "Malchow"]
[Date "2017.02.16"]
[Round "1.8"]
[White "Troemer, Axel"]
[Black "Roessler, Hans Juergen"]
[Result "1-0"]
[WhiteElo "1355"]
[BlackElo "1013"]
[PlyCount "81"]
[EventDate "2017.02.08"]
[EventType "swiss"]
[EventRounds "7"]
[EventCountry "GER"]
[SourceTitle "EXT 2022"]
[Source "ChessBase"]
[SourceDate "2021.10.06"]
[SourceVersion "1"]
[SourceVersionDate "2021.10.06"]
[SourceQuality "1"]

1. e4 e5 2. Nf3 Nc6 3. Bb5 a6 4. Ba4 b5 5. Bb3 Be7 6. c3 Nf6 7. d3 0-0 8. 0-0 d6 9. Be3 Ng4 10. Qe2 Nxe3 11. Qxe3 Re8 12. Nbd2 Bb7 13. Rfd1 Na5 14. Bc2 c5 15. d4 Qc7 16. dxe5 dxe5 17. Nb3 Nxb3 18. Bxb3 c4 19. Bc2 Qc5 20. Qe2 f6 21. b3 cxb3 22. Bxb3+ Kh8 23. c4 Rad8 24. cxb5 axb5 25. Nh4 Rxd1+ 26. Rxd1 Rd8 27. Nf5 Rxd1+ 28. Bxd1 Bf8 29. Bb3 Qc1+ 30. Bd1 Bxe4 31. Ne3 Qb1 32. h3 Qd3 33. Qh5 g6 34. Qh4 Bg7 35. Qg4 Bf5 36. Qb4 h5 37. g4 hxg4 38. hxg4 Be6 39. Bc2 Qd7 40. Bxg6 Bxg4 41. Nxg4 1-0

[Event "Mecklenburg VP-ch Youth"]
[Site "Malchow"]
[Date "2017.02.16"]
[Round "4.7"]
[White "Wolfgramm, Egon"]
[Black "Troemer, Axel"]
[Result "0-1"]
[WhiteElo "1160"]
[BlackElo "1355"]
[PlyCount "34"]
[EventDate "2017.02.08"]
[EventType "swiss"]
[EventRounds "7"]
[EventCountry "GER"]
[SourceTitle "EXT 2022"]
[Source "ChessBase"]
[SourceDate "2021.10.06"]
[SourceVersion "1"]
[SourceVersionDate "2021.10.06"]
[SourceQuality "1"]

1. d4 Nf6 2. Nf3 g6 3. Bf4 Bg7 4. Nbd2 d6 5. h3 0-0 6. e3 Nbd7 7. c4 Re8 8. Be2 e5 9. Bh2 exd4 10. exd4 Ne4 11. Nxe4 Rxe4 12. Qd3 Qe7 13. Rd1 Nb6 14. Qc2 Bf5 15. g4 Re8 16. Ng1 Rxg4 17. Qb3 Rxg1+ 0-1

[Event "Rostock SSC op 13th"]
[Site "Rostock"]
[Date "2014.07.25"]
[Round "5"]
[White "Serbin, Alexander"]
[Black "Troemer, Axel"]
[Result "1-0"]
[WhiteElo "1376"]
[BlackElo "1192"]
[PlyCount "55"]
[EventDate "2014.07.23"]
[EventType "swiss"]
[EventRounds "7"]
[EventCountry "GER"]
[SourceTitle "EXT 2018"]
[Source "ChessBase"]
[SourceDate "2017.10.13"]
[SourceVersion "1"]
[SourceVersionDate "2017.10.13"]
[SourceQuality "1"]

1. e4 c6 2. Nc3 d5 3. Nf3 dxe4 4. Nxe4 Bf5 5. Nc3 Nd7 6. d4 e6 7. a3 Ngf6 8. Bc4 Bd6 9. Bg5 0-0 10. Qe2 b5 11. Ba2 a5 12. Nd1 Re8 13. 0-0 Qc7 14. Ne3 e5 15. Nxf5 exd4 16. Qd3 Nh5 17. Qxd4 Be5 18. Qg4 Nhf6 19. Bxf6 Nxf6 20. Qh3 Bxb2 21. Rae1 Bxa3 22. Ng5 Rf8 23. Qxa3 Qf4 24. Ne7+ Kh8 25. Nxf7+ Rxf7 26. Bxf7 Ng4 27. Qh3 Rf8 28. Ng6# 1-0

[Event "Rostock SSC op 13th"]
[Site "Rostock"]
[Date "2014.07.25"]
[Round "4"]
[White "Troemer, Axel"]
[Black "Vladov, Mark"]
[Result "0-1"]
[WhiteElo "1192"]
[BlackElo "1800"]
[PlyCount "48"]
[EventDate "2014.07.23"]
[EventType "swiss"]
[EventRounds "7"]
[EventCountry "GER"]
[SourceTitle "EXT 2018"]
[Source "ChessBase"]
[SourceDate "2017.10.13"]
[SourceVersion "1"]
[SourceVersionDate "2017.10.13"]
[SourceQuality "1"]

1. e4 g6 2. d4 Bg7 3. Nf3 d6 4. Bf4 Nf6 5. Nc3 0-0 6. h3 Nbd7 7. Be2 a6 8. 0-0 b5 9. Bd3 Re8 10. e5 dxe5 11. dxe5 Nh5 12. Bh2 Bh6 13. Nd4 Nc5 14. Nf3 Nxd3 15. cxd3 c5 16. Ne2 Bb7 17. Ng3 Nf4 18. Ne1 Qd4 19. Ne2 Qxe5 20. Rc1 Nxe2+ 21. Kh1 Qh5 22. Nf3 Nxc1 23. Ng1 Qd5 24. Qc2 Qxg2# 0-1

[Event "Mecklenburg VP-ch U12"]
[Site "Malchow"]
[Date "2014.02.04"]
[Round "7"]
[White "Gazizov, Max"]
[Black "Troemer, Axel"]
[Result "1/2-1/2"]
[WhiteElo "1246"]
[BlackElo "986"]
[PlyCount "117"]
[EventDate "2014.02.01"]
[EventType "swiss"]
[EventRounds "7"]
[EventCountry "GER"]
[SourceTitle "EXT 2017"]
[Source "ChessBase"]
[SourceDate "2016.10.25"]
[SourceVersion "1"]
[SourceVersionDate "2016.10.25"]
[SourceQuality "1"]

1. d4 c6 2. e3 d5 3. f4 Bf5 4. Nf3 Nd7 5. Bd3 Bxd3 6. Qxd3 Ngf6 7. Ne5 Nxe5 8. fxe5 Nd7 9. 0-0 e6 10. Qe2 Be7 11. Qh5 0-0 12. Nd2 Qe8 13. Qh3 Bd8 14. Nf3 f6 15. exf6 Rxf6 16. Bd2 Bc7 17. Ng5 Rh6 18. Qf3 Bxh2+ 19. Kh1 Bf4+ 20. Nh3 Bc7 21. Rae1 Qe7 22. Bb4 Qxb4 23. Qf7+ Kh8 24. Qxd7 Qd6 25. Qxd6 Bxd6 26. Kg1 Bg3 27. Re2 e5 28. dxe5 Bxe5 29. Ref2 Kg8 30. c3 g5 31. Rf5 g4 32. Rg5+ Rg6 33. Rxg6+ hxg6 34. Ng5 Re8 35. Rf7 Rb8 36. a4 a5 37. Kf2 b5 38. axb5 Rxb5 39. b4 axb4 40. cxb4 Rxb4 41. Ra7 Rb2+ 42. Ke1 c5 43. Ra5 Rb1+ 44. Kf2 c4 45. Rxd5 c3 46. Rxe5 c2 47. Rc5 c1Q 48. Rxc1 Rxc1 49. Kg3 Rc3 50. Kf4 g3 51. Ne4 Rc4 52. Kf3 Kg7 53. Nxg3 g5 54. Ne4 Kg6 55. g4 Rc7 56. Nd6 Rc3 57. Ke2 Rc2+ 58. Kf3 Kf6 59. Ne4+ 1/2-1/2